000 00583nam a2200193Ii 4500
003 JO-AjNU
008 230605s9999||||xx |||||||||||||| ||und||
040 _aJO-AjNU
_bara
_erda
_cJO-AjNU
041 _aara
050 1 4 _aLB1025 1988
100 3 _aالجيوشي،فاطمة,
_eauthor
_915274
245 0 0 _aفلسفة التربية
264 3 1 _aدمشق:جامعة دمشق،1988
300 _a224ص
336 _atext
_btxt
_2rdacontent
337 _aunmediated
_bn
_2rdamedia
338 _avolume
_bnc
_2rdacarrier
650 4 _aالتربية و التعليم-فلسفة
_915275
999 _aA4274
_c7842
_d7842